Trouvez l'acteur ou l'actrice...5 - Statistiques

Statistiques générales
  • Ce quiz a été pris 118 fois
  • Le résultat moyen est 5 sur 15
Statistiques - réponses
Films / Séries Acteurs / Actrices % Correct
Le guépard - La piscine - Rocco et ses frères Alain Delon
76%
L'histoire d'Adèle H - L'été meurtrier - La reine Margot Isabelle Adjani
60%
Le bonheur est dans le pré - Les enfants du marais - La cage aux folles Michel Serrault
59%
Vacances romaines - Sabrina - Diamants sur canapé Audrey Hepburn
45%
Casino Royale - Miss Peregrine et les enfants - Penny Dreadful Eva Green
45%
Les valseuses - Un mauvais fils - Préparez vos mouchoirs Patrick Dewaere
45%
L'associé du diable - Le parrain 3 - Donnie Brasco Al Pacino
35%
Le tailleur de Panama - La dame en noir - Harry Potter et les reliques de la mort Daniel Radcliffe
26%
Devious maids - Grand Hotel - Desperate housewives Eva Longoria
23%
La revanche d'une blonde - Sexe intentions - Tous en scène Reese Witherspoon
22%
True detective - Minority report - Phone game Colin Farrell
20%
Vénus beauté (institut) - Harry, un ami qui vous veut du bien - La guerre des boutons Mathilde Seigner
20%
Les feux de l'amour - Esprits criminels - S.W.A.T. Shemar Moore
19%
Fanfan la tulipe - Notre-Dame de Paris - Vénus impériale Gina Lollobrigida
15%
Tueurs nés - Freaky friday: dans la peau de ma mère - NCIS: enquêtes spéciales Mark Harmon
2%
Aucun quiz correspondant
Distribution des résultats
% des personnes avec chaque résultat
Percentile par nombre de réponses
Votre historique - résultats
Vous n’avez pas pris ce quiz